000 01537nam2a22002651 4500
001 RU\NLR\A1SV\51892
005 20251203152403.2
035 _a(NLR Aleph) 009733872
090 _a13480952
_c13480952
100 _a20040707d1924 u y0rusy50 ca
101 0 _arus
200 1 _aОт Клубного отдела Главполитпросвета
215 _a111 с.
327 1 _aЛенин и Коминтерн / М.Эпштейн
_aI Конгресс. II Конгресс. III Конгресс / М.Брудный
_aIV Конгресс / Ш.
_aКоммунистический интернационал молодежи / Б.Менис
_aЛитература о III Интернационале
461 1 _1001RU\NLR\A1SV\51890
_12000#$aК пятилетию III Коммунистического интернационала (1919-1924 г.)$eПособие клуб. работникам деревни$fГлавполитпросвет. Клуб. отд.$vСб.2
_99919365
_cМ.
_d1924
_fГлавполитпросвет. Клуб. отд.
_nКрас. новь
_oПособие клуб. работникам деревни
_tК пятилетию III Коммунистического интернационала (1919-1924 г.)
_vСб.2
702 1 _aЭпштейн
_bМ.
702 0 _aБрудный
_bМ.
702 0 _aШ.
702 1 _aМенис
_bБ.Я.
_f1904-1937
_gБорис Яковлевич
801 0 _aRU
_bNLR
_c20040707
852 _aNLR
_j35.52.6.139
942 _cBOOK
980 _aA1SV
980 _aNB